| 000 | 00380nam a2200157Ia 4500 | ||
|---|---|---|---|
| 005 | 20250423095138.0 | ||
| 008 | 250422s9999 xx 000 0 und d | ||
| 020 | _a9789782415583 | ||
| 050 | _aJF 549 .E44/ | ||
| 245 | 0 | _aElection security in Nigeria: stakeholders perspectives | |
| 260 | _aAbuja | ||
| 260 | _bINEC & FES | ||
| 260 | _c2013 | ||
| 300 | _a142 p | ||
| 942 | _cBK | ||
| 999 |
_c29380 _d29380 |
||